Pulmonary/respiration therapy secrets

This volume in the very popular Secrets Series® is back in an exciting, updated, and completely redesigned 3rd Edition. A new, two-color page layout, a more portable size, and a list of the "Top 100 Secrets" in pulmonary medicine help you better meet the challenges you face daily. You will...

Descripción completa

Guardado en:
Detalles Bibliográficos
Formato: Libro
Lenguaje:Undetermined
Publicado: Philadelphia Hanley & Belfus 2001
Materias:
Etiquetas: Agregar Etiqueta
Sin Etiquetas, Sea el primero en etiquetar este registro!
Thư viện lưu trữ: Trung tâm Học liệu Trường Đại học Cần Thơ
LEADER 01105nam a2200205Ia 4500
001 CTU_137841
008 210402s9999 xx 000 0 und d
020 |c 24.00 
082 |a 616.20076 
082 |b P982 
245 0 |a Pulmonary/respiration therapy secrets 
245 0 |c Edited by Polly E. Parsons, John E. Heffner 
260 |a Philadelphia 
260 |b Hanley & Belfus 
260 |c 2001 
520 |a This volume in the very popular Secrets Series® is back in an exciting, updated, and completely redesigned 3rd Edition. A new, two-color page layout, a more portable size, and a list of the "Top 100 Secrets" in pulmonary medicine help you better meet the challenges you face daily. You will still find all of the features you have come to rely on in the Secrets Series—a questions- and answer-format, lists, mnemonics, tables, and an informal tone that make reference fast and easy. 
650 |a Lungs,Respiratory therapy,Phổi,Liệu pháp hô hấp 
650 |x Diseases,Bệnh học 
904 |i Trọng Hiếu 
980 |a Trung tâm Học liệu Trường Đại học Cần Thơ